| 000 | 00376nam a2200157Ia 4500 | ||
|---|---|---|---|
| 008 | 230312s9999||||xx |||||||||||||| ||und|| | ||
| 020 | _a81-265-1090-0 | ||
| 082 |
_a621.382 _bMOH-P |
||
| 100 | _aMohan;Ned | ||
| 245 | 0 | _aPower Electronics | |
| 260 |
_bWiley & Sons _aIndia _c2013 |
||
| 300 | _a802 | ||
| 546 | _aEng. | ||
| 650 |
_aEngineering _vPower Electronics |
||
| 942 | _cBK | ||
| 999 |
_c9607 _d9607 |
||